000 00318nam a2200109Ia 4500
008 171211s9999 xx 000 0 und d
245 _aTheatre of the Real (Studies in International Performance)
245 _cC. Martin
260 _c2012
650 _xcinema
856 _uhttp://down.ebook777.com/064/9780230281912.pdf
999 _c348727
_d348727